The Odd Country Out - Statistics

General Stats
  • This quiz has been taken 44 times
    28 since last reset
  • The average score is 7 of 15
Answer Stats
Question Answer % Correct
Pick the Odd Country Out! Israel
91%
Pick the Odd Country Out! Bahamas
73%
Pick the Odd Country Out! Russia
73%
Pick the Odd Country Out! Suriname
73%
Pick the Odd Country Out! Taiwan
64%
Pick the Odd Country Out! Turkey
64%
Pick the Odd Country Out! Czechoslovakia
55%
Pick the Odd Country Out! Cyprus
45%
Pick the Odd Country Out! El Salvador
45%
Pick the Odd Country Out! Equatorial Guinea
45%
Pick the Odd Country Out! Madagascar
45%
Pick the Odd Country Out! (I decided to add 5 choices for this one) Armenia
27%
Pick the Odd Country Out! Monaco
18%
Pick the Odd Country Out! Vietnam
18%
Pick the Odd Country Out! Costa Rica
9%
No matching quizzes found
Score Distribution
Percent of People with Each Score
Percentile by Number Answered
Your Score History
You have not taken this quiz since the last reset